00869nam a2200217 a 450000100100000000500170001000800410002704000250006808200150009310000340010824501710014226000590031330000200037249000310039249000220042383000380044583000290048304900090051295201130052199900170063400002558420200930023908.0110218s1983 dr 000 0 spa d aDO-SdBNPbspacBNPHU axxxbC965q1 aCuello H. José Israel9629810a¿Qué era la resistencia antitrujillista interna a la hora de la invasión de Constanza, Maimón y Estero Hondo, el 4 de Junio de 1959? /cJosé Israel Cuello H. aSanto Domingo :bFundación TestimoniofTallerc1983. a30 p. ;c22 cm.1 aBiblioteca Tallervno. 1611 aTestimoniovno. 1 0aBiblioteca Tallernno. 161952262 0aTestimonionno. 1952263 aBNPD 0010718PDaPDbPDcCTd2011-02-18iLF1l0oxxx C965qp25584-10r2020-06-25w2020-06-25yLFPDZNo se presta c25076d25076